000
00277nam a2200121Ia 4500
008
241002s9999 xx 000 0 und d
082
_a
223.7 ARB
100
_a
Arberry, A.J.
245
0
_a
Tales From the Masnavi
260
_a
London:
_c
1968
600
_a
Religion
942
_c
UC
999
_c
18621
_d
18621